| 000 | 01025nas a2200289 4500 | ||
|---|---|---|---|
| 001 | BR2012008884 | ||
| 003 | BR-BrBNA | ||
| 005 | 20231205121509.0 | ||
| 007 | ta | ||
| 008 | 230509b bl.|||p| |||| 00| 00por d | ||
| 040 |
_aBR-BrBNA _bpor _cBiblioteca Nacional de Agricultura |
||
| 041 | _a(Pt) | ||
| 072 | _aL74 | ||
| 100 | 1 | _aPeixoto, P.V. | |
| 100 | 1 | _aKlem, M.A.P. | |
| 100 | 1 | _aBrito, M.F. | |
| 100 | 1 | _aCerqueira, V.D. | |
| 100 | 1 | _aFrança, T.N. | |
| 245 | 1 | _aAspectos toxicológico, clínico-patológico e ultraestrutural das intoxicações iatrogênica e experimental por vitamina D em coelhos | |
| 246 | 1 | _aToxicological, clinic-pahological and ultrastructural aspects of iatrogenic and experimental poisoning by vitamin D in rabbits | |
| 650 | _aCOELHO | ||
| 650 | _aVITAMINA D | ||
| 650 | _aINTOXICAÇÃO | ||
| 773 | 0 |
_tPesquisa Veterinária Brasileira (Brazil) _xISSN 0100-736X _g(Mar 2010), v. 30(3) p. 277-288 _wBR2012008884 |
|
| 909 |
_a202311 _bLúcia _c55 _dLúcia Elande |
||
| 942 |
_2AGRIS _n0 _cANA |
||
| 999 |
_c223839 _d223839 |
||